Let's work, with, word

Bewaard in:
Bibliografische gegevens
Formaat: Boek
Gepubliceerd in: 1965
Tags: Voeg label toe
Geen labels, Wees de eerste die dit record labelt!
Thư viện lưu trữ: Mạng thư viện Đại học Đà Nẵng
LEADER 00423nam a22001811a 4500
001 000037769
003 14064
005 20160412021140.0
008 160412s1965 000
082 |a 4A(07)1173 
245 |a Let's work, with, word  |c Wynne 
260 |c 1965 
OWN |a LNN 
999 |a From the UDN01 
TYP |a Monograph 
980 |a Mạng thư viện Đại học Đà Nẵng